An introduction to chaotic dynamical systems.

محفوظ في:
التفاصيل البيبلوغرافية
المؤلف الرئيسي: Devaney, Robert L (مؤلف)
التنسيق: غير معروف
منشور في: Boca Raton, USA: CRC Press, 2003.
الطبعة:Second edition.
سلاسل:Advanced Book Program.
الموضوعات:
الوسوم: إضافة وسم
لا توجد وسوم, كن أول من يضع وسما على هذه التسجيلة!

MARC

LEADER 00000 a2200000 4500
003 CL-VaPUC
005 20240404084713.0
008 240403t2003 ||||| |||| 00| 0 eng d
999 |c 443312  |d 443310 
020 |a 9780813340852 
040 |c Pontificia Universidad Católica de Valparaíso 
082 7 |2 22  |a 515.352 DEV 2003 
100 |a Devaney, Robert L  |9 436530  |e author 
245 1 3 |a An introduction to chaotic dynamical systems. 
250 |a Second edition.  
260 |a Boca Raton, USA:  |b CRC Press,  |c 2003. 
300 |a xv, 335 páginas.  
490 |a Advanced Book Program.  
583 |k GC  |c 20240403 
650 |a Sistemas dinámicos diferenciales  |9 263372 
942 |2 ddc  |c BK 
952 |0 0  |1 0  |2 ddc  |4 0  |6 515_352000000000000_DEV_2003  |7 0  |8 A  |9 593930  |a BIBMAT  |b BIBMAT  |d 2024-04-02  |e 1  |g 85581.00  |i 5660576  |l 5  |m 2  |o 515.352 DEV 2003  |p 5660576  |r 2025-01-07  |s 2024-06-03  |t 1  |v 85581.00  |w 2024-04-02  |y BK  |k MAT